BUSINESS INTELLIGENCE ANALYTICS AND DATA SCIENCE (Record no. 29525)

MARC details
000 -LEADER
fixed length control field 00375nam a22001577a 4500
003 - CONTROL NUMBER IDENTIFIER
control field SGT
020 ## - INTERNATIONAL STANDARD BOOK NUMBER
International Standard Book Number 978-93-530-6702-1
082 ## - DEWEY DECIMAL CLASSIFICATION NUMBER
Classification number 658.4032
Item number SHA
100 ## - MAIN ENTRY--PERSONAL NAME
Personal name SHARDA, RAMESH
245 ## - TITLE STATEMENT
Title BUSINESS INTELLIGENCE ANALYTICS AND DATA SCIENCE
250 ## - EDITION STATEMENT
Edition statement 4TH
260 ## - PUBLICATION, DISTRIBUTION, ETC. (IMPRINT)
Place of publication, distribution, etc INDIA
Name of publisher, distributor, etc PEARSON PUB.
Year of Publication 2025
300 ## - PAGE DESCRIPTION
No. of Pages 512
650 ## - SUBJECT ADDED ENTRY--TOPICAL TERM
Topical term or geographic name as entry element BUSINESS ANALYTICS
942 ## - ADDED ENTRY ELEMENTS (KOHA)
Source of classification or shelving scheme Dewey Decimal Classification
Koha item type Books
Holdings
Withdrawn status Lost status Source of classification or shelving scheme Damaged status Not for loan Collection code Home library Current library Shelving location Date acquired Vendor Name SGTU Bill Number Full call number Accession No. (Barcode) Date last seen Bill Date Koha item type Total Checkouts Date last borrowed
    Dewey Decimal Classification   Not For Loan COMMERCE MANAGEMENT SGT Science & Social Sciences Library SGT Science & Social Sciences Library Reference Book 30/01/2025 SAVERA BOOK DISTRIBUTORS SGTU 24-25/CRB/763 658.4032 SHA CM7335 30/01/2025   Books    
    Dewey Decimal Classification     COMMERCE MANAGEMENT SGT Science & Social Sciences Library SGT Science & Social Sciences Library Text Book 30/01/2025 SAVERA BOOK DISTRIBUTORS SGTU 24-25/CRB/763 658.4032 SHA CM7336 30/01/2025   Books    
    Dewey Decimal Classification     COMMERCE MANAGEMENT SGT Science & Social Sciences Library SGT Science & Social Sciences Library Text Book 30/01/2025 SAVERA BOOK DISTRIBUTORS SGTU 24-25/CRB/763 658.4032 SHA CM7337 18/05/2026   Books 1 08/05/2026
    Dewey Decimal Classification     COMMERCE MANAGEMENT SGT Science & Social Sciences Library SGT Science & Social Sciences Library Text Book 30/01/2025 SAVERA BOOK DISTRIBUTORS SGTU 24-25/CRB/763 658.4032 SHA CM7338 30/01/2025   Books